Loreto College Library, Kolkata
WEBOPAC (ONLINE PUBLIC ACCESS CATALOGUE)

Geographical essays (Record no. 24842)

MARC details
000 -LEADER
fixed length control field 00613nam a2200193Ia 4500
008 - FIXED-LENGTH DATA ELEMENTS--GENERAL INFORMATION
fixed length control field 131103s9999 xx 000 0 und d
040 ## - CATALOGING SOURCE
Original cataloging agency Loreto College
041 ## - LANGUAGE CODE
Language code English
082 ## - DDC | ডিউই
Classification number | বর্গসংখ্যা 551.404/DAV
Book Number | গ্রন্থাঙ্ক LCLIB(Press)/18554
100 ## - MAIN ENTRY--PERSONAL NAME | মুখ্য সংলেখ - ব্যাক্তিনাম
Personal name | ব্যাক্তিনাম Davis, William Morris
245 ## - TITLE STATEMENT | অাখ্যা বিবরণী
Title | অাখ্যা Geographical essays
Statement of responsibility | লেখকের দায়িত্বের বিবরণ William Morris Davis; edited by Douglas Wilson Johnson
260 ## - IMPRINT | প্রকাশনা ক্ষেত্র
Place of publication | প্রকাশ স্থান New York
Name of publisher | প্রকাশকের নাম Dover
Date of publication | প্রকাশ কাল 1910
300 ## - PHYSICAL DESCRIPTION |
Page / Vol. No | পৃষ্ঠা / খন্ড সংখ্যা iv,777p.
Other physical details | অনান্য বাহ্যিক বিবরণ ill.,chart,map
504 ## - BIBLIOGRAPHY, ETC. NOTE
Bibliography, etc Includes bibliographical references & index
650 ## - SUBJECT ADDED ENTRY--TOPICAL TERM | বিষয় শিরোনাম - মূল বিষয়
Topical term | মূল বিষয় Geography
700 ## - ADDED ENTRY--PERSONAL NAME | অতিরিক্ত সংলেখ - ব্
Personal name | ব্যাক্তিনাম Johnson, Douglas Wilson; ed.
850 ## - HOLDING INSTITUTION
Holding institution LCLIB/551.404/DAV
942 ## - ADDED ENTRY ELEMENTS (KOHA)
Koha item type Books
Holdings
Withdrawn status Lost status Damaged status Not for loan Home library Current library Date acquired Total Checkouts Full call number Accession No. Date last seen Price effective from Koha item type
        Loreto College Loreto College 04/11/2013   551.404/DAV LCLIB(Press)/18554 B27629 04/11/2013 04/11/2013 Books